Indian cabinet and politics / (Record no. 65759)

MARC details
000 -LEADER
fixed length control field 00421nam a22001457a 4500
005 - DATE AND TIME OF LATEST TRANSACTION
control field 20180806125336.0
020 ## - INTERNATIONAL STANDARD BOOK NUMBER
International Standard Book Number 8121208254
Terms of availability 00.00
035 ## - SYSTEM CONTROL NUMBER
System control number B-121651, B-121650, B-121653
037 ## - SOURCE OF ACQUISITION
Stock number DPL
Source of stock number/acquisition ENG
100 ## - MAIN ENTRY--PERSONAL NAME
Personal name Jain, H.M.
245 ## - TITLE STATEMENT
Title Indian cabinet and politics /
Statement of responsibility, etc by H.M. Jain
260 ## - PUBLICATION, DISTRIBUTION, ETC. (IMPRINT)
Place of publication, distribution, etc New Delhi
Name of publisher, distributor, etc Gyan Publishing House
Date of publication, distribution, etc 2003
300 ## - PHYSICAL DESCRIPTION
Extent 339p.
Dimensions 20 cms.
942 ## - ADDED ENTRY ELEMENTS (KOHA)
Source of classification or shelving scheme Dewey Decimal Classification
Item type English Books
Classification part 321.8043
Call number suffix JAI
Holdings
Withdrawn status Lost status Not for loan Collection code Home library Current library Date acquired Cost, normal purchase price Full call number Barcode Cost, replacement price Koha item type Source of acquisition
      Non-fiction Patel Nagar Patel Nagar 28/07/2018 0.00 321.8043 JAI B-121650 0.00 English Books BPPD/PUB
      Non-fiction Sarojini Nagar Sarojini Nagar 28/04/2012 0.00 321.8043 JAI B-121651 0.00 English Books  
      Non-fiction Shahdara Branch Shahdara Branch 06/08/2018 0.00 321.8043 JAI B-121653 0.00 English Books BPPD/PUB

© Delhi Public Library
Hit Counter
free hit counter